Concrete technology (Record no. 4023)

000 -LEADER
fixed length control field 00455nam a22001817a 4500
001 - CONTROL NUMBER
control field 4023
003 - CONTROL NUMBER IDENTIFIER
control field BD-DhUET
008 - FIXED-LENGTH DATA ELEMENTS--GENERAL INFORMATION
fixed length control field 141111b xxu||||| |||| 00| 0 eng d
040 ## - CATALOGING SOURCE
Transcribing agency 0
Modifying agency BD-DhUET
082 ## - DEWEY DECIMAL CLASSIFICATION NUMBER
Classification number 620.136
Item number SHE/1982
100 ## - MAIN ENTRY--PERSONAL NAME
Personal name Shetty, M. S.
245 ## - TITLE STATEMENT
Title Concrete technology
Remainder of title theory and practice
250 ## - EDITION STATEMENT
Edition statement 1st ed.
260 ## - PUBLICATION, DISTRIBUTION, ETC. (IMPRINT)
Place of publication, distribution, etc. New Delhi
Name of publisher, distributor, etc. S. Chand
Date of publication, distribution, etc. 1982
300 ## - PHYSICAL DESCRIPTION
Extent xiv, 592p.
Other physical details ill.
650 #0 - SUBJECT ADDED ENTRY--TOPICAL TERM
Topical term or geographic name as entry element Concrete - Engineering
942 ## - ADDED ENTRY ELEMENTS (KOHA)
Koha item type General Book
Holdings
Koha item type Price effective from Koha collection Not for loan Source of classification or shelving scheme Koha date last seen Withdrawn status Copy number Sublocation or collection (holding branch) Shelving location Koha normalized classification for sorting Date acquired Location (home branch) Damaged status Piece designation (barcode) Koha issues (times borrowed) Lost status Koha full call number Koha date last borrowed
General Book2014-11-11   2014-12-23 2Central Library, BUETCirculation section620_000000000000000_136SHE19822014-11-11Central Library, BUET 583101 620.136/SHE/19822014-11-11
General Book2014-11-16   2017-06-05 1Central Library, BUETCirculation section620_000000000000000_136SHE19822014-11-16Central Library, BUET 564381 620.136/SHE/19822014-11-16
General Book2014-11-18   2016-09-03 3Central Library, BUETCirculation section620_136000000000000_SHE_19822014-11-18Central Library, BUET 583151 620.136/SHE/19822014-11-18
General Book2014-11-26   2016-08-21 4Central Library, BUETCirculation section620_000000000000000_136SHE19822014-11-26Central Library, BUET 583122 620.136/SHE/19822016-03-05
General Book2015-02-05Non Fiction  2015-02-05 5Central Library, BUETCirculation section620_136000000000000_SHE_19822015-02-05Central Library, BUET 58311  620.136/SHE/1982 
Reading Item2015-06-14   2015-06-14 6Central Library, BUETReading section620_136000000000000_SHE_19822015-06-14Central Library, BUET 58308  620.136/SHE/1982 
Reading Item2015-06-15   2015-06-15 7Central Library, BUETReading section620_136000000000000_SHE_19822015-06-15Central Library, BUET 58309  620.136/SHE/1982 
Reading Item2015-06-16   2015-06-16 8Central Library, BUETReading section620_136000000000000_SHE_19822015-06-16Central Library, BUET 58313  620.136/SHE/1982 
Reading Item2015-06-16   2015-06-16 9Central Library, BUETReading section620_136000000000000_SHE_19822015-06-16Central Library, BUET 58314  620.136/SHE/1982 
Reading Item2015-06-20   2015-06-20 10Central Library, BUETReading section620_136000000000000_SHE_19822015-06-20Central Library, BUET 58316  620.136/SHE/1982 
Reading Item2015-06-23   2015-06-23 11Central Library, BUETReading section620_136000000000000_SHE_19822015-06-23Central Library, BUET 55327  620.136/SHE/1982